000 00196 a2200097 4500
020 _a9780794541750
041 _aeng
100 _aMackinnon, Mairi
245 _aThe lion and the mouse
942 _cBK
999 _c31634
_d31632